[Event "DEM U18 2023"]
[Site "Willingen GER"]
[Date "2023.05.31"]
[Round "6"]
[White "Lutz, Ruben"]
[Black "Chassard, Cedric"]
[Result "1/2-1/2"]
[Termination "normal"]
[Board "6"]
[WhiteElo "2211"]
[BlackElo "2041"]
[WhiteClock "00:02:01"]
[BlackClock "00:07:26"]
[PlyCount "76"]
[WhiteFideId "12975974"]
[BlackFideId "16243536"]
[EventCountry "GER"]
[EventRounds "9"]
[EventType "swiss"]
[EventDate "2023.05.27"]

1. d4 {[%clk 01:30:58]} {[%emt 00:00:01]} Nf6 {[%clk 01:30:53]} {[%emt
00:00:07]} 2. Nf3 {[%clk 01:31:23]} {[%emt 00:00:05]} d5 {[%clk 01:31:20]}
{[%emt 00:00:03]} 3. c4 {[%clk 01:31:47]} {[%emt 00:00:06]} e6 {[%clk
01:31:46]} {[%emt 00:00:04]} 4. Nc3 {[%clk 01:32:08]} {[%emt 00:00:09]} dxc4
{[%clk 01:32:12]} {[%emt 00:00:04]} 5. e3 {[%clk 01:32:31]} {[%emt 00:00:07]}
a6 {[%clk 01:32:38]} {[%emt 00:00:04]} 6. Bxc4 {[%clk 01:32:54]} {[%emt
00:00:07]} b5 {[%clk 01:32:59]} {[%emt 00:00:11]} 7. Bb3 {[%clk 01:33:18]}
{[%emt 00:00:03]} Bb7 {[%clk 01:33:23]} {[%emt 00:00:09]} 8. O-O {[%clk
01:33:41]} {[%emt 00:00:04]} Be7 {[%clk 01:33:17]} {[%emt 00:00:36]} 9. Qe2
{[%clk 01:33:33]} {[%emt 00:00:38]} c5 {[%clk 01:31:00]} {[%emt 00:02:47]} 10.
Rd1 {[%clk 01:33:46]} {[%emt 00:00:23]} Nbd7 {[%clk 01:29:48]} {[%emt
00:01:36]} 11. e4 {[%clk 01:16:08]} {[%emt 00:18:09]} cxd4 {[%clk 01:11:28]}
{[%emt 00:18:52]} 12. Nxd4 {[%clk 01:15:57]} {[%emt 00:00:40]} Qc7 {[%clk
01:07:55]} {[%emt 00:04:02]} 13. a3 {[%clk 00:43:29]} {[%emt 00:32:59]} O-O
{[%clk 01:04:00]} {[%emt 00:04:25]} 14. Bg5 {[%clk 00:39:42]} {[%emt 00:04:18]}
Ne5 {[%clk 00:37:50]} {[%emt 00:26:45]} 15. f4 {[%clk 00:35:10]} {[%emt
00:04:56]} Nc6 {[%clk 00:37:50]} {[%emt 00:00:32]} 16. Nxc6 {[%clk 00:23:16]}
{[%emt 00:12:22]} Qxc6 {[%clk 00:38:04]} {[%emt 00:00:18]} 17. Rac1 {[%clk
00:22:03]} {[%emt 00:01:44]} Rac8 {[%clk 00:36:08]} {[%emt 00:02:24]} 18. Kh1
{[%clk 00:19:07]} {[%emt 00:03:26]} Rfe8 {[%clk 00:33:46]} {[%emt 00:02:52]}
19. f5 {[%clk 00:15:16]} {[%emt 00:04:22]} Qb6 {[%clk 00:27:08]} {[%emt
00:07:07]} 20. fxe6 {[%clk 00:08:40]} {[%emt 00:07:09]} fxe6 {[%clk 00:27:25]}
{[%emt 00:00:10]} 21. e5 {[%clk 00:08:48]} {[%emt 00:00:23]} Nd5 {[%clk
00:18:09]} {[%emt 00:09:48]} 22. Nxd5 {[%clk 00:09:09]} {[%emt 00:00:06]} Bxd5
{[%clk 00:18:27]} {[%emt 00:00:15]} 23. Rxc8 {[%clk 00:09:33]} {[%emt
00:00:05]} Rxc8 {[%clk 00:18:50]} {[%emt 00:00:05]} 24. Bxd5 {[%clk 00:09:20]}
{[%emt 00:00:43]} Bxg5 {[%clk 00:18:40]} {[%emt 00:00:41]} 25. Qg4 {[%clk
00:09:12]} {[%emt 00:00:39]} Kh8 {[%clk 00:15:40]} {[%emt 00:03:31]} 26. Bxe6
{[%clk 00:08:54]} {[%emt 00:00:46]} Rc1 {[%clk 00:13:30]} {[%emt 00:02:43]} 27.
Rxc1 {[%clk 00:04:50]} {[%emt 00:04:31]} Bxc1 {[%clk 00:13:59]} {[%emt
00:00:01]} 28. Bb3 {[%clk 00:02:32]} {[%emt 00:02:48]} Qd8 {[%clk 00:14:11]}
{[%emt 00:00:17]} 29. Qe2 {[%clk 00:00:57]} {[%emt 00:02:07]} Bg5 {[%clk
00:13:31]} {[%emt 00:01:08]} 30. e6 {[%clk 00:00:50]} {[%emt 00:00:38]} Bf6
{[%clk 00:11:45]} {[%emt 00:02:16]} 31. g3 {[%clk 00:00:40]} {[%emt 00:00:40]}
Qa8+ {[%clk 00:06:02]} {[%emt 00:06:13]} 32. Qg2 {[%clk 00:01:06]} {[%emt
00:00:04]} Qxg2+ {[%clk 00:05:53]} {[%emt 00:00:39]} 33. Kxg2 {[%clk 00:01:32]}
{[%emt 00:00:03]} g6 {[%clk 00:06:17]} {[%emt 00:00:06]} 34. Bd5 {[%clk
00:01:27]} {[%emt 00:00:35]} Kg7 {[%clk 00:06:36]} {[%emt 00:00:12]} 35. b4
{[%clk 00:01:10]} {[%emt 00:00:47]} Kf8 {[%clk 00:06:27]} {[%emt 00:00:38]} 36.
Bb7 {[%clk 00:01:12]} {[%emt 00:00:28]} Bb2 {[%clk 00:06:36]} {[%emt 00:00:21]}
37. Bxa6 {[%clk 00:01:35]} {[%emt 00:00:07]} Bxa3 {[%clk 00:07:00]} {[%emt
00:00:06]} 38. Bxb5 {[%clk 00:02:01]} {[%emt 00:00:03]} Bxb4 {[%clk 00:07:26]}
{[%emt 00:00:05]} 1/2-1/2

[Event "DEM U18 2023"]
[Site "Willingen GER"]
[Date "2023.05.31"]
[Round "6"]
[White "Laux, Dominik"]
[Black "Pubantz, Jan"]
[Result "1/2-1/2"]
[Termination "normal"]
[Board "7"]
[WhiteTitle "FM"]
[WhiteElo "2297"]
[BlackElo "2332"]
[WhiteClock "00:29:31"]
[BlackClock "00:17:41"]
[PlyCount "89"]
[WhiteFideId "12994219"]
[BlackFideId "12996114"]
[EventCountry "GER"]
[EventRounds "9"]
[EventType "swiss"]
[EventDate "2023.05.27"]

1. e4 {[%clk 01:30:32]} {[%emt 00:00:29]} c6 {[%clk 01:30:55]} {[%emt
00:00:04]} 2. d4 {[%clk 01:30:44]} {[%emt 00:00:18]} d5 {[%clk 01:31:21]}
{[%emt 00:00:05]} 3. e5 {[%clk 01:31:05]} {[%emt 00:00:08]} Bf5 {[%clk
01:31:47]} {[%emt 00:00:04]} 4. Nf3 {[%clk 01:31:16]} {[%emt 00:00:20]} e6
{[%clk 01:32:10]} {[%emt 00:00:07]} 5. Be2 {[%clk 01:31:25]} {[%emt 00:00:21]}
c5 {[%clk 01:32:35]} {[%emt 00:00:05]} 6. O-O {[%clk 01:31:32]} {[%emt
00:00:22]} Nc6 {[%clk 01:31:52]} {[%emt 00:01:14]} 7. c3 {[%clk 01:31:28]}
{[%emt 00:00:34]} cxd4 {[%clk 01:29:04]} {[%emt 00:03:17]} 8. cxd4 {[%clk
01:25:17]} {[%emt 00:06:42]} Nge7 {[%clk 01:26:22]} {[%emt 00:03:11]} 9. h3
{[%clk 01:19:21]} {[%emt 00:06:26]} Bg6 {[%clk 01:18:46]} {[%emt 00:08:08]} 10.
Nc3 {[%clk 01:19:02]} {[%emt 00:00:51]} Nf5 {[%clk 01:15:53]} {[%emt 00:03:22]}
11. a3 {[%clk 01:17:21]} {[%emt 00:02:10]} Be7 {[%clk 01:09:34]} {[%emt
00:06:52]} 12. g4 {[%clk 01:12:03]} {[%emt 00:05:45]} Nh4 {[%clk 01:02:10]}
{[%emt 00:07:51]} 13. Nxh4 {[%clk 01:11:44]} {[%emt 00:00:51]} Bxh4 {[%clk
01:02:38]} {[%emt 00:00:04]} 14. f4 {[%clk 01:10:46]} {[%emt 00:01:28]} f6
{[%clk 00:52:33]} {[%emt 00:10:33]} 15. Be3 {[%clk 00:56:09]} {[%emt 00:15:07]}
O-O {[%clk 00:50:03]} {[%emt 00:02:59]} 16. Nb5 {[%clk 00:40:14]} {[%emt
00:16:25]} Qb6 {[%clk 00:46:19]} {[%emt 00:04:16]} 17. f5 {[%clk 00:30:19]}
{[%emt 00:10:23]} fxe5 {[%clk 00:28:52]} {[%emt 00:18:00]} 18. fxg6 {[%clk
00:28:51]} {[%emt 00:01:58]} a6 {[%clk 00:29:10]} {[%emt 00:00:16]} 19. gxh7+
{[%clk 00:28:22]} {[%emt 00:00:54]} Kh8 {[%clk 00:28:53]} {[%emt 00:00:51]} 20.
Nd6 {[%clk 00:22:35]} {[%emt 00:06:11]} Qc7 {[%clk 00:24:54]} {[%emt 00:04:29]}
21. dxe5 {[%clk 00:20:26]} {[%emt 00:02:47]} Nxe5 {[%clk 00:25:03]} {[%emt
00:00:28]} 22. Bf4 {[%clk 00:12:27]} {[%emt 00:08:14]} Rxf4 {[%clk 00:19:10]}
{[%emt 00:06:23]} 23. Rxf4 {[%clk 00:12:53]} {[%emt 00:00:03]} Qxd6 {[%clk
00:19:28]} {[%emt 00:00:15]} 24. Kh1 {[%clk 00:12:16]} {[%emt 00:01:05]} Nd3
{[%clk 00:16:37]} {[%emt 00:03:28]} 25. Qxd3 {[%clk 00:10:25]} {[%emt
00:02:15]} Qxf4 {[%clk 00:17:04]} {[%emt 00:00:03]} 26. Rf1 {[%clk 00:10:19]}
{[%emt 00:00:35]} Qe5 {[%clk 00:17:10]} {[%emt 00:00:32]} 27. a4 {[%clk
00:06:34]} {[%emt 00:04:10]} Rc8 {[%clk 00:15:27]} {[%emt 00:02:10]} 28. Qf3
{[%clk 00:06:19]} {[%emt 00:00:45]} Bf6 {[%clk 00:08:14]} {[%emt 00:07:43]} 29.
Bd3 {[%clk 00:06:02]} {[%emt 00:00:47]} Qg5 {[%clk 00:08:20]} {[%emt 00:00:24]}
30. Kg2 {[%clk 00:05:47]} {[%emt 00:00:45]} Rd8 {[%clk 00:08:02]} {[%emt
00:00:48]} 31. Qe2 {[%clk 00:05:22]} {[%emt 00:00:55]} Re8 {[%clk 00:02:52]}
{[%emt 00:05:40]} 32. Rf5 {[%clk 00:04:36]} {[%emt 00:01:15]} Qc1 {[%clk
00:02:50]} {[%emt 00:00:33]} 33. Rf1 {[%clk 00:03:35]} {[%emt 00:01:32]} Qxb2
{[%clk 00:01:36]} {[%emt 00:01:44]} 34. Qxb2 {[%clk 00:03:54]} {[%emt
00:00:11]} Bxb2 {[%clk 00:02:05]} {[%emt 00:00:01]} 35. Rb1 {[%clk 00:03:52]}
{[%emt 00:00:31]} Bc3 {[%clk 00:01:42]} {[%emt 00:00:53]} 36. Rxb7 {[%clk
00:04:12]} {[%emt 00:00:11]} e5 {[%clk 00:01:36]} {[%emt 00:00:36]} 37. Bxa6
{[%clk 00:04:01]} {[%emt 00:00:41]} e4 {[%clk 00:01:18]} {[%emt 00:00:47]} 38.
Bb5 {[%clk 00:03:46]} {[%emt 00:00:45]} Re5 {[%clk 00:00:36]} {[%emt 00:01:11]}
39. Rb8+ {[%clk 00:01:18]} {[%emt 00:02:59]} Kxh7 {[%clk 00:01:04]} {[%emt
00:00:02]} 40. Re8 {[%clk 00:00:49]} {[%emt 00:00:59]} Rxe8 {[%clk 00:00:39]}
{[%emt 00:00:54]} 41. Bxe8 {[%clk 00:01:14]} {[%emt 00:00:06]} d4 {[%clk
00:26:45]} {[%emt 00:04:23]} 42. Bc6 {[%clk 00:29:56]} {[%emt 00:01:52]} e3
{[%clk 00:25:50]} {[%emt 00:01:22]} 43. Bb5 {[%clk 00:28:53]} {[%emt 00:01:36]}
Kg6 {[%clk 00:24:50]} {[%emt 00:01:26]} 44. Kf3 {[%clk 00:29:18]} {[%emt
00:00:06]} Kg5 {[%clk 00:17:41]} {[%emt 00:07:40]} 45. Bc4 {[%clk 00:29:31]}
{[%emt 00:00:22]} 1/2-1/2

[Event "DEM U18 2023"]
[Site "Willingen GER"]
[Date "2023.05.31"]
[Round "6"]
[White "Pikalow, Michael"]
[Black "Bornholdt, Joa Max"]
[Result "0-1"]
[Termination "normal"]
[Board "8"]
[BlackTitle "FM"]
[WhiteElo "2147"]
[BlackElo "2250"]
[WhiteClock "00:08:19"]
[BlackClock "00:12:31"]
[PlyCount "92"]
[WhiteFideId "16227638"]
[BlackFideId "16253477"]
[EventCountry "GER"]
[EventRounds "9"]
[EventType "swiss"]
[EventDate "2023.05.27"]

1. e4 {[%clk 01:30:51]} {[%emt 00:00:08]} c6 {[%clk 01:30:34]} {[%emt
00:00:26]} 2. d4 {[%clk 01:31:04]} {[%emt 00:00:17]} d5 {[%clk 01:30:59]}
{[%emt 00:00:07]} 3. e5 {[%clk 01:31:26]} {[%emt 00:00:06]} Bf5 {[%clk
01:31:22]} {[%emt 00:00:10]} 4. Nf3 {[%clk 01:31:40]} {[%emt 00:00:13]} e6
{[%clk 01:31:37]} {[%emt 00:00:14]} 5. Be2 {[%clk 01:31:56]} {[%emt 00:00:14]}
Nd7 {[%clk 01:31:20]} {[%emt 00:00:47]} 6. O-O {[%clk 01:32:19]} {[%emt
00:00:07]} h6 {[%clk 01:31:33]} {[%emt 00:00:18]} 7. a4 {[%clk 01:32:03]}
{[%emt 00:00:46]} a6 {[%clk 01:31:57]} {[%emt 00:00:06]} 8. a5 {[%clk
01:21:01]} {[%emt 00:11:31]} g5 {[%clk 01:31:45]} {[%emt 00:00:48]} 9. Be3
{[%clk 01:19:50]} {[%emt 00:01:37]} Qc7 {[%clk 01:30:24]} {[%emt 00:01:49]} 10.
Nbd2 {[%clk 01:14:18]} {[%emt 00:06:06]} Ne7 {[%clk 01:28:59]} {[%emt
00:01:51]} 11. Ne1 {[%clk 01:06:59]} {[%emt 00:07:50]} Bg7 {[%clk 01:17:49]}
{[%emt 00:11:41]} 12. f4 {[%clk 01:00:35]} {[%emt 00:06:53]} O-O-O {[%clk
01:07:10]} {[%emt 00:11:09]} 13. c4 {[%clk 00:51:18]} {[%emt 00:09:47]} f6
{[%clk 01:03:06]} {[%emt 00:04:33]} 14. b4 {[%clk 00:42:31]} {[%emt 00:09:18]}
gxf4 {[%clk 00:53:21]} {[%emt 00:10:15]} 15. Bxf4 {[%clk 00:42:33]} {[%emt
00:00:28]} fxe5 {[%clk 00:52:25]} {[%emt 00:01:26]} 16. Bg3 {[%clk 00:43:00]}
{[%emt 00:00:04]} Bg6 {[%clk 00:33:44]} {[%emt 00:19:10]} 17. b5 {[%clk
00:39:55]} {[%emt 00:03:38]} Nb8 {[%clk 00:27:41]} {[%emt 00:06:38]} 18. bxa6
{[%clk 00:38:16]} {[%emt 00:02:03]} Nxa6 {[%clk 00:26:04]} {[%emt 00:02:06]}
19. cxd5 {[%clk 00:27:43]} {[%emt 00:11:04]} Rxd5 {[%clk 00:24:19]} {[%emt
00:02:15]} 20. Bxa6 {[%clk 00:24:45]} {[%emt 00:03:29]} bxa6 {[%clk 00:23:32]}
{[%emt 00:01:16]} 21. Nef3 {[%clk 00:18:54]} {[%emt 00:06:23]} Nf5 {[%clk
00:15:46]} {[%emt 00:08:13]} 22. Bxe5 {[%clk 00:15:37]} {[%emt 00:03:51]} Bxe5
{[%clk 00:15:16]} {[%emt 00:00:56]} 23. Nxe5 {[%clk 00:15:54]} {[%emt
00:00:15]} Rg8 {[%clk 00:09:52]} {[%emt 00:05:53]} 24. Qe2 {[%clk 00:12:03]}
{[%emt 00:04:21]} Qb7 {[%clk 00:06:20]} {[%emt 00:04:02]} 25. Rab1 {[%clk
00:07:57]} {[%emt 00:04:36]} Nxd4 {[%clk 00:05:33]} {[%emt 00:01:16]} 26. Qc4
{[%clk 00:08:06]} {[%emt 00:00:21]} Bxb1 {[%clk 00:04:50]} {[%emt 00:01:14]}
27. Rxb1 {[%clk 00:08:34]} {[%emt 00:00:01]} Rb5 {[%clk 00:02:48]} {[%emt
00:02:32]} 28. Rxb5 {[%clk 00:08:19]} {[%emt 00:00:46]} Qxb5 {[%clk 00:03:12]}
{[%emt 00:00:05]} 29. Qxd4 {[%clk 00:08:17]} {[%emt 00:00:32]} Qd5 {[%clk
00:03:06]} {[%emt 00:00:36]} 30. Ndf3 {[%clk 00:04:01]} {[%emt 00:04:46]} Qxd4+
{[%clk 00:03:08]} {[%emt 00:00:28]} 31. Nxd4 {[%clk 00:04:30]} {[%emt
00:00:01]} c5 {[%clk 00:03:18]} {[%emt 00:00:20]} 32. Nb3 {[%clk 00:01:47]}
{[%emt 00:03:13]} Rg5 {[%clk 00:03:27]} {[%emt 00:00:21]} 33. Nc4 {[%clk
00:01:57]} {[%emt 00:00:20]} Kc7 {[%clk 00:03:30]} {[%emt 00:00:27]} 34. Kf2
{[%clk 00:01:01]} {[%emt 00:01:26]} Kc6 {[%clk 00:03:34]} {[%emt 00:00:26]} 35.
Kf3 {[%clk 00:00:44]} {[%emt 00:00:48]} Kb5 {[%clk 00:03:34]} {[%emt 00:00:29]}
36. Nbd2 {[%clk 00:00:56]} {[%emt 00:00:18]} Rd5 {[%clk 00:02:44]} {[%emt
00:01:20]} 37. g4 {[%clk 00:00:36]} {[%emt 00:00:51]} Rd3+ {[%clk 00:02:28]}
{[%emt 00:00:45]} 38. Ke2 {[%clk 00:01:01]} {[%emt 00:00:04]} Rh3 {[%clk
00:02:41]} {[%emt 00:00:18]} 39. Nd6+ {[%clk 00:00:49]} {[%emt 00:00:42]} Kc6
{[%clk 00:03:10]} {[%emt 00:00:01]} 40. Nf7 {[%clk 00:00:36]} {[%emt 00:00:42]}
Rxh2+ {[%clk 00:03:32]} {[%emt 00:00:08]} 41. Kd3 {[%clk 00:27:55]} {[%emt
00:03:10]} Kb5 {[%clk 00:28:29]} {[%emt 00:05:35]} 42. g5 {[%clk 00:23:45]}
{[%emt 00:04:40]} h5 {[%clk 00:22:15]} {[%emt 00:06:43]} 43. Nf3 {[%clk
00:17:19]} {[%emt 00:06:56]} Rg2 {[%clk 00:20:54]} {[%emt 00:01:51]} 44. Nd8
{[%clk 00:09:46]} {[%emt 00:08:03]} c4+ {[%clk 00:18:01]} {[%emt 00:03:23]} 45.
Kd4 {[%clk 00:08:50]} {[%emt 00:01:25]} c3 {[%clk 00:12:22]} {[%emt 00:06:09]}
46. Ne1 {[%clk 00:08:19]} {[%emt 00:01:01]} Rd2+ {[%clk 00:12:31]} {[%emt
00:00:20]} 0-1

[Event "DEM U18 2023"]
[Site "Willingen GER"]
[Date "2023.05.31"]
[Round "6"]
[White "Musiolik, David"]
[Black "Müller, Magnus"]
[Result "1/2-1/2"]
[Termination "normal"]
[Board "9"]
[WhiteElo "2291"]
[BlackElo "2210"]
[WhiteClock "00:09:24"]
[BlackClock "00:41:07"]
[PlyCount "48"]
[WhiteFideId "12972355"]
[BlackFideId "16230060"]
[EventCountry "GER"]
[EventRounds "9"]
[EventType "swiss"]
[EventDate "2023.05.27"]

1. e4 {[%clk 01:30:50]} {[%emt 00:00:09]} c5 {[%clk 01:30:24]} {[%emt
00:00:37]} 2. Ne2 {[%clk 01:31:13]} {[%emt 00:00:07]} Nc6 {[%clk 01:30:27]}
{[%emt 00:00:27]} 3. d4 {[%clk 01:30:53]} {[%emt 00:00:49]} cxd4 {[%clk
01:30:53]} {[%emt 00:00:05]} 4. Nxd4 {[%clk 01:31:19]} {[%emt 00:00:04]} Nf6
{[%clk 01:31:17]} {[%emt 00:00:06]} 5. Nc3 {[%clk 01:31:34]} {[%emt 00:00:14]}
d6 {[%clk 01:31:42]} {[%emt 00:00:06]} 6. Bg5 {[%clk 01:31:09]} {[%emt
00:00:54]} e6 {[%clk 01:31:46]} {[%emt 00:00:27]} 7. Qd2 {[%clk 01:31:13]}
{[%emt 00:00:26]} a6 {[%clk 01:32:12]} {[%emt 00:00:04]} 8. O-O-O {[%clk
01:30:18]} {[%emt 00:01:26]} Bd7 {[%clk 01:32:38]} {[%emt 00:00:02]} 9. f4
{[%clk 01:30:11]} {[%emt 00:00:37]} Be7 {[%clk 01:33:04]} {[%emt 00:00:05]} 10.
Nf3 {[%clk 01:27:51]} {[%emt 00:02:52]} b5 {[%clk 01:32:45]} {[%emt 00:00:47]}
11. Kb1 {[%clk 01:27:42]} {[%emt 00:00:38]} b4 {[%clk 01:32:49]} {[%emt
00:00:27]} 12. Bxf6 {[%clk 01:26:00]} {[%emt 00:02:11]} Bxf6 {[%clk 01:33:14]}
{[%emt 00:00:06]} 13. Ne2 {[%clk 01:23:33]} {[%emt 00:02:58]} Be7 {[%clk
01:33:40]} {[%emt 00:00:05]} 14. Ned4 {[%clk 01:09:24]} {[%emt 00:14:41]} Qb6
{[%clk 01:18:45]} {[%emt 00:15:22]} 15. e5 {[%clk 00:59:43]} {[%emt 00:10:11]}
O-O {[%clk 01:04:11]} {[%emt 00:15:06]} 16. exd6 {[%clk 00:51:40]} {[%emt
00:08:30]} Bxd6 {[%clk 01:04:31]} {[%emt 00:00:11]} 17. Bd3 {[%clk 00:46:34]}
{[%emt 00:05:37]} Rad8 {[%clk 00:57:51]} {[%emt 00:07:07]} 18. Qe2 {[%clk
00:35:00]} {[%emt 00:12:04]} g6 {[%clk 00:48:41]} {[%emt 00:09:40]} 19. Nxc6
{[%clk 00:27:28]} {[%emt 00:08:02]} Bxc6 {[%clk 00:45:52]} {[%emt 00:03:26]}
20. g3 {[%clk 00:26:26]} {[%emt 00:01:25]} a5 {[%clk 00:44:29]} {[%emt
00:02:05]} 21. Be4 {[%clk 00:24:04]} {[%emt 00:02:43]} Bb5 {[%clk 00:44:27]}
{[%emt 00:00:34]} 22. Bd3 {[%clk 00:24:14]} {[%emt 00:00:17]} Bc6 {[%clk
00:44:24]} {[%emt 00:00:34]} 23. Be4 {[%clk 00:12:53]} {[%emt 00:11:49]} Bb5
{[%clk 00:41:50]} {[%emt 00:03:04]} 24. Bd3 {[%clk 00:09:24]} {[%emt 00:03:59]}
Bc6 {[%clk 00:41:07]} {[%emt 00:01:17]} 1/2-1/2

[Event "DEM U18 2023"]
[Site "Willingen GER"]
[Date "2023.05.31"]
[Round "6"]
[White "Bui, Bao Anh Le"]
[Black "Matthäi, Jakob"]
[Result "1/2-1/2"]
[Termination "normal"]
[Board "10"]
[WhiteElo "2136"]
[BlackElo "2046"]
[WhiteClock "00:13:02"]
[BlackClock "00:13:46"]
[PlyCount "94"]
[WhiteFideId "12970719"]
[BlackFideId "16240421"]
[EventCountry "GER"]
[EventRounds "9"]
[EventType "swiss"]
[EventDate "2023.05.27"]

1. e4 {[%clk 01:30:19]} {[%emt 00:00:39]} e5 {[%clk 01:30:57]} {[%emt
00:00:04]} 2. Nf3 {[%clk 01:30:32]} {[%emt 00:00:17]} Nc6 {[%clk 01:31:25]}
{[%emt 00:00:04]} 3. Bc4 {[%clk 01:30:46]} {[%emt 00:00:14]} Bc5 {[%clk
01:31:52]} {[%emt 00:00:04]} 4. c3 {[%clk 01:30:51]} {[%emt 00:00:26]} Nf6
{[%clk 01:32:18]} {[%emt 00:00:03]} 5. d3 {[%clk 01:30:59]} {[%emt 00:00:22]}
O-O {[%clk 01:32:35]} {[%emt 00:00:16]} 6. Nbd2 {[%clk 01:30:39]} {[%emt
00:00:47]} d5 {[%clk 01:30:25]} {[%emt 00:02:40]} 7. exd5 {[%clk 01:29:46]}
{[%emt 00:01:23]} Nxd5 {[%clk 01:30:50]} {[%emt 00:00:06]} 8. O-O {[%clk
01:29:58]} {[%emt 00:00:16]} Bg4 {[%clk 01:28:45]} {[%emt 00:02:37]} 9. h3
{[%clk 01:30:14]} {[%emt 00:00:14]} Bh5 {[%clk 01:29:07]} {[%emt 00:00:07]} 10.
Ne4 {[%clk 01:30:10]} {[%emt 00:00:36]} Be7 {[%clk 01:27:14]} {[%emt 00:02:22]}
11. Ng3 {[%clk 01:29:42]} {[%emt 00:00:57]} Bg6 {[%clk 01:21:27]} {[%emt
00:06:20]} 12. Re1 {[%clk 01:29:14]} {[%emt 00:00:57]} Bf6 {[%clk 01:19:46]}
{[%emt 00:02:10]} 13. Ne4 {[%clk 01:25:03]} {[%emt 00:04:44]} Bxe4 {[%clk
01:17:32]} {[%emt 00:02:44]} 14. dxe4 {[%clk 01:11:18]} {[%emt 00:14:10]} Nb6
{[%clk 01:17:48]} {[%emt 00:00:14]} 15. Bb5 {[%clk 01:08:12]} {[%emt 00:03:39]}
Qxd1 {[%clk 01:15:00]} {[%emt 00:03:17]} 16. Rxd1 {[%clk 01:05:59]} {[%emt
00:02:43]} Rfd8 {[%clk 01:14:39]} {[%emt 00:00:49]} 17. Rxd8+ {[%clk 00:51:26]}
{[%emt 00:15:04]} Rxd8 {[%clk 01:14:37]} {[%emt 00:00:32]} 18. Be3 {[%clk
00:51:38]} {[%emt 00:00:20]} Ne7 {[%clk 01:10:51]} {[%emt 00:04:13]} 19. a4
{[%clk 00:50:26]} {[%emt 00:01:43]} Nbc8 {[%clk 01:08:44]} {[%emt 00:02:39]}
20. Be2 {[%clk 00:48:41]} {[%emt 00:02:14]} Ng6 {[%clk 01:06:23]} {[%emt
00:02:51]} 21. g3 {[%clk 00:47:05]} {[%emt 00:02:06]} Be7 {[%clk 00:55:56]}
{[%emt 00:10:57]} 22. a5 {[%clk 00:46:18]} {[%emt 00:01:17]} a6 {[%clk
00:54:11]} {[%emt 00:02:15]} 23. Ra4 {[%clk 00:40:40]} {[%emt 00:06:08]} Kf8
{[%clk 00:46:48]} {[%emt 00:07:53]} 24. c4 {[%clk 00:37:45]} {[%emt 00:03:28]}
c6 {[%clk 00:37:41]} {[%emt 00:09:36]} 25. h4 {[%clk 00:31:38]} {[%emt
00:06:34]} f6 {[%clk 00:36:28]} {[%emt 00:01:48]} 26. Nd2 {[%clk 00:31:00]}
{[%emt 00:01:06]} Ke8 {[%clk 00:26:42]} {[%emt 00:10:15]} 27. Bg4 {[%clk
00:27:35]} {[%emt 00:03:53]} Nf8 {[%clk 00:22:56]} {[%emt 00:04:18]} 28. h5
{[%clk 00:23:59]} {[%emt 00:04:08]} Kf7 {[%clk 00:21:11]} {[%emt 00:02:12]} 29.
f4 {[%clk 00:12:54]} {[%emt 00:11:37]} Ne6 {[%clk 00:13:22]} {[%emt 00:08:16]}
30. fxe5 {[%clk 00:07:58]} {[%emt 00:05:26]} fxe5 {[%clk 00:13:46]} {[%emt
00:00:07]} 31. Nf3 {[%clk 00:08:21]} {[%emt 00:00:06]} Kf6 {[%clk 00:11:22]}
{[%emt 00:02:55]} 32. Ra1 {[%clk 00:07:00]} {[%emt 00:01:51]} Bc5 {[%clk
00:10:39]} {[%emt 00:01:13]} 33. Bxc5 {[%clk 00:06:26]} {[%emt 00:01:04]} Nxc5
{[%clk 00:11:07]} {[%emt 00:00:04]} 34. Rf1 {[%clk 00:06:38]} {[%emt 00:00:15]}
Nd6 {[%clk 00:09:18]} {[%emt 00:02:20]} 35. b4 {[%clk 00:02:49]} {[%emt
00:04:19]} Ncxe4 {[%clk 00:09:09]} {[%emt 00:00:39]} 36. Nd4+ {[%clk 00:02:34]}
{[%emt 00:00:45]} Ke7 {[%clk 00:08:10]} {[%emt 00:01:30]} 37. Ne6 {[%clk
00:02:59]} {[%emt 00:00:04]} Rg8 {[%clk 00:07:17]} {[%emt 00:01:22]} 38. Re1
{[%clk 00:03:17]} {[%emt 00:00:12]} Nf6 {[%clk 00:07:06]} {[%emt 00:00:41]} 39.
Bh3 {[%clk 00:03:29]} {[%emt 00:00:18]} Nde4 {[%clk 00:04:21]} {[%emt
00:03:16]} 40. Nc5 {[%clk 00:03:35]} {[%emt 00:00:24]} Nxc5 {[%clk 00:03:58]}
{[%emt 00:00:55]} 41. bxc5 {[%clk 00:15:28]} {[%emt 00:18:35]} e4 {[%clk
00:32:41]} {[%emt 00:01:47]} 42. Bf5 {[%clk 00:15:41]} {[%emt 00:00:19]} Kf7
{[%clk 00:27:47]} {[%emt 00:05:22]} 43. Rb1 {[%clk 00:13:05]} {[%emt 00:03:13]}
Rb8 {[%clk 00:27:43]} {[%emt 00:00:31]} 44. Kf2 {[%clk 00:13:17]} {[%emt
00:00:14]} g6 {[%clk 00:22:34]} {[%emt 00:05:40]} 45. hxg6+ hxg6 {[%clk
00:23:03]} 46. Bh3 {[%clk 00:14:00]} {[%emt 00:00:10]} Ke7 {[%clk 00:19:41]}
{[%emt 00:03:53]} 47. Ke3 {[%clk 00:13:02]} {[%emt 00:01:27]} Kf7 {[%clk
00:13:46]} {[%emt 00:06:24]} 1/2-1/2